| 000 | 00418nam a2200181Ia 4500 | ||
|---|---|---|---|
| 008 | 230524s9999 xx 000 0 und d | ||
| 020 | _a9780070583696 | ||
| 082 |
_a620.11 _bRAJ |
||
| 100 | _aV.Rajendran | ||
| 245 | 0 | _aMaterial Science | |
| 250 | _a1ST | ||
| 260 |
_aNEW DELHI _bTMH _c2005 |
||
| 300 | _aXVI;241 | ||
| 500 | _aQuantity Number: 97 | ||
| 650 | _aChemistry | ||
| 700 | _a A.Marikani | ||
| 942 | _cBK | ||
| 999 |
_c30181 _d30181 |
||